Auditing and assurance services

The text is also designed to provide flexibility for instructors; the twelve chapters focus on the auditing process while the eight modules provide additional topics that can be taught at the instructor’s discretion without interrupting the flow of the text.

Sparad:
Bibliografiska uppgifter
Materialtyp: Bok
Språk:Undetermined
Publicerad: New York McGraw-Hill 2007
Ämnen:
Taggar: Lägg till en tagg
Inga taggar, Lägg till första taggen!
Thư viện lưu trữ: Trung tâm Học liệu Trường Đại học Cần Thơ
LEADER 00782nam a2200193Ia 4500
001 CTU_166308
008 210402s9999 xx 000 0 und d
020 |c 187.22 
082 |a 657.45 
082 |b A912 
245 0 |a Auditing and assurance services 
245 0 |c Timothy J. Louwers ... [et al.] 
260 |a New York 
260 |b McGraw-Hill 
260 |c 2007 
520 |a The text is also designed to provide flexibility for instructors; the twelve chapters focus on the auditing process while the eight modules provide additional topics that can be taught at the instructor’s discretion without interrupting the flow of the text. 
650 |a Auditing,Kiểm toán 
904 |i Ngọc Mai, Bạch Trúc 
980 |a Trung tâm Học liệu Trường Đại học Cần Thơ